Normal view
MARC view
Entry Personal Name
001 - CONTROL NUMBER
- control field: 73813
003 - CONTROL NUMBER IDENTIFIER
- control field: MY-SjTCS
005 - DATE AND TIME OF LATEST TRANSACTION
- control field: 20191205135253.0
008 - FIXED-LENGTH DATA ELEMENTS
- fixed length control field: 150406nn a|a||abb| a a|a d
039 #9 -
- : 201504061450
- : shuhada
040 ## - CATALOGING SOURCE
- Original cataloging agency: VRT
- Transcribing agency: VRT
100 1# - HEADING--PERSONAL NAME
- Personal name: Barh, Debmalya
670 ## - SOURCE DATA FOUND
- Source citation: Cancer biomarkers ::
- Information found: t.p. (edited by Debmalya Barh, Angelo Carpi, Mukesh Verma, Mehmet Gunduz.)
999 ## -
- : VIRTUA4 x
999 ## -
- : VTLSSORT0080*0400*1000*6700*9991